| 000 | 00475cam a2200193ua 4500 | ||
|---|---|---|---|
| 020 | _c40.00 | ||
| 041 |
_aeng _h |
||
| 082 |
_a621.436 _bROB/AL |
||
| 100 | _aRobson, Malcolm J . | ||
| 245 |
_aAll purpose diesels / _cMalcolm J Robson. _hTextual Documents |
||
| 250 |
_a1 / _b. |
||
| 260 |
_aLondon : _bSir Isaac Pitman & Sons Ltd , _c1951. |
||
| 300 | _a316 ; . | ||
| 365 | _a40.00 | ||
| 504 | _a | ||
| 942 | _cBK | ||
| 999 |
_c5480 _d5480 |
||